000 00463nam a2200181Ia 4500
001 12849
005 20260306163011.0
008 260306t2007||||xx |||||||||||||| ||spa||
041 _aESP
082 _aRD 349.1
_bC12
100 _aCabanellas de Torres, Guillermo
_eAUT
245 0 _aDiccionario de derecho romano y latines jurídicos
260 _c2007
300 _a1009 páginas :
_c23 cm.
650 _aGEN
654 _aCDE
942 _cDIC
_dJUS
_fJUS
_2ddc
_n
999 _c12849
_d12849